000 01439nam0a2200373 4500
001 RU\NLR\bibl\1017544
005 20260405121536.0
010 _a5-486-00779-5
_942000
021 _aRU
_b2006-66022
_93309
035 _a(nilc)RSL-KNO-002960376
035 _a(NLR Aleph) 001005106
090 _a603157
_c603157
100 _a20061020d2006 |||y0rusy50 ca
101 0 _arus
102 _aRU
105 _aa z |||||
106 _ar
200 1 _aВкусные супы, щи, борщи
_eлучшие рецепты
_f[cост. Е.А. Королева]
210 _aМосква
_cМир книги
_d2006
215 _a254,[1] с.
_cил.
_d21
225 1 _aСекреты моей бабушки
606 1 _aЩи
_xРецептура
_92150014
_3RU\NLR\auth\661294883
606 1 _aБорщи
_xРецептура
_92113468
_3RU\NLR\auth\661277031
606 1 _aСупы
_xРецептура
_91447532
_3RU\NLR\auth\66613069
610 0 _aПищевые производства -- Общественное питание. Кулинария -- Первые блюда -- Рецепты
686 _aЛ991.1я27
_2rubbk
686 _aЛ991.1
702 1 _4220
_8rus
_7ca
_aКоролева
_bЕ. А.
_cпопуляризатор
_3RU\NLR\AUTH\7747546
_930481
801 0 _aRU
_bРКП
_c20061020
_grcr
801 1 _aRU
_bРГБ
_c20061020
801 2 _aRU
_bNLR
_c20061206
_grcr
942 _cBOOK
980 _aNB